O Diogo Quer Ser Futebolista (Registo nº 200833)

Detalhes MARC
000 -Etiqueta do registo
Valores 00930nam 22002653 4500
010 ## - Número ISBN
ISBN 978-989-557-226-7
021 ## - Número do Depósito Legal
Código do país Portugal
Número 227 773/05
100 ## - Dados gerais de processamento
Dados gerais 20260227d u||y0pory50 ba
101 ## - Língua de publicação
Língua Português
102 ## - País de publicação
País Portugal
200 ## - Titulo e menção de responsabilidade
Título próprio O Diogo Quer Ser Futebolista
Primeira menção de responsabilidade Francisco Fernandes
Outras menções de responsabilidade Ilustração e design de Luísa Spínola e Filipa Pereira ; Coordenação de Maria da Luz Santos ; Revisão de Maria do Céu Fernandes
205 ## - Menção da edição
Edição
210 ## - Publicação
Local de publicação Vila Nova de Gaia
Nome do editor Edições Gailivro
Data de publicação 2007
215 ## - Descrição física 
Paginação / Volumes [36] p. : todo il.
Outras indicações físicas Encadernado
Dimensões 23 x 23 cm
225 ## - Colecção 
Título próprio da colecção Com pés e Cabeça
606 ## - Nome comum usado como assunto
ID Autoridade 22
Palavra de ordem Literatura Infantil Portuguesa
675 ## - CDU
Notação 821.134.3-93/FER/DIO
Edição PT
Língua por
700 ## - Autor principal (pessoa individual)
ID Autoridade 16152
Apelido Fernandes
Nome Francisco
701 ## - Co-autor principal (pessoa individual)
ID Autoridade 16541
Apelido Spínola
Nome Luísa
701 ## - Co-autor principal (pessoa individual)
ID Autoridade 16542
Apelido Pereira
Nome Filipa
801 ## - Fonte de origem
País PT
Agência BMMN
Regras de catalogação RPC
830 ## - Notas gerais do catalogador
Criado por Carlos Pinto
Data de criação 27-02-2026
Indexado por Carlos Pinto
990 ## - Elementos KOHA
Tipo de documento Livro
Exemplares
Situação do levantamento Biblioteca de origem Código de barras Cota Permissão de empréstimo Tipo de documento Forma de aquisição
  Biblioteca Escolar Ciborro 30084 821.134.3-93/FER/DIO   Livro Oferta

Powered by Koha